Telangana in 19th Century/ (Record no. 192489)

MARC details
000 -LEADER
fixed length control field 00733nam a22001937a 4500
005 - DATE AND TIME OF LATEST TRANSACTION
control field 20220923120550.0
010 ## - LCCN (DPL NO)
LC control number ENG-135196
020 ## - INTERNATIONAL STANDARD BOOK NUMBER
International Standard Book Number 9788190890649
Terms of availability 195.00
035 ## - SYSTEM CONTROL NUMBER
System control number EN-118728
037 ## - SOURCE OF ACQUISITION
Source of stock number/acquisition DBAD/PUB
082 ## - DEWEY DECIMAL CLASSIFICATION NUMBER
Classification number 954.35
245 ## - TITLE STATEMENT
Title Telangana in 19th Century/
Statement of responsibility, etc Edited By B. Rama Chandra Reddy and Thallapally Manohar
260 ## - PUBLICATION, DISTRIBUTION, ETC. (IMPRINT)
Place of publication, distribution, etc Telangana
Name of publisher, distributor, etc Sree Bhagavan Publications
Date of publication, distribution, etc 2010
270 ## - ADDRESS
Address 7-1-29/23, Flat no.102, Sai Siri Sampada Apartments Leela Nagar, Ameerpet
City Hyderabad
Postal code 500016
Telephone number 040-23736525, 9848306093
Electronic mail address sreebhagavanpublications@gmail.com
300 ## - PHYSICAL DESCRIPTION
Extent xx,252p.
Dimensions 22cm.(pbk)
700 ## - ADDED ENTRY--PERSONAL NAME
Personal name Reddy, B. Rama Chandra
700 ## - ADDED ENTRY--PERSONAL NAME
Personal name Manohar, Thallapally
942 ## - ADDED ENTRY ELEMENTS (KOHA)
Item type English Books
Classification part 954.35
Source of classification or shelving scheme Dewey Decimal Classification
Call number suffix RED
Holdings
Withdrawn status Lost status Not for loan Collection code Home library Current library Date acquired Source of acquisition Cost, normal purchase price Full call number Barcode Copy number Cost, replacement price Koha item type
      Non-fiction Bawana Bawana 23/09/2022 DBAD/PUB 195.00 954.35 RED EN-118728 1 195.00 English Books

© Delhi Public Library
Hit Counter
free hit counter